Score 0/10 Timer 01:00
0 Plays Today
Clue 4-Letter Word % Correct
50%HALF
99.2%
StopHALT
93.2%
The lemon's close cousinLIME
93.2%
A labyrinthMAZE
87.2%
UncoolLAME
86.6%
Cereal grain used in making beerMALT
85.9%
XY ChromosomaticMALE
85.4%
Impossible to set on a VCRTIME
85%
To stareGAZE
82%
An amusement or pastimeGAME
78.9%

Today's Daily Dose

You're not logged in!

Compare scores with friends on all Sporcle quizzes.
OR
Log In

Sporcle TV

Today on Sporcle TV


Watch our educational content, quiz creation guides, and fun videos on Sporcle TV.

Show Comments

Extras

Top Quizzes Today


Score Distribution

Paid Content

Your Account Isn't Verified!

In order to create a playlist on Sporcle, you need to verify the email address you used during registration. Go to your Sporcle Settings to finish the process.

Report this User

Report this user for behavior that violates our Community Guidelines.

Details: